| 000 | 01053cam a22002537a 4500 | ||
|---|---|---|---|
| 001 | 13914523 | ||
| 005 | 20060308151911.0 | ||
| 008 | 050329s2005 njua 001 0 eng d | ||
| 020 | _a0131858580 | ||
| 040 |
_aDPL _cDPL _dUKM _dBAKER _dEYE _dUAB _dIXA _dDLC |
||
| 082 | 0 | 4 |
_a004.36 _222 _bERL |
| 100 | 1 |
_aErl, Thomas. _930343 |
|
| 245 | 1 | 0 |
_aService-Oriented Architecture : _bConcepts, Technology, and Design / _cThomas Erl. |
| 260 |
_aUpper Saddle River, NJ : _bPrentice Hall Professional Technical Reference, _cc2005. |
||
| 300 |
_axxviii, 760 p. : _bill. ; _c25 cm. |
||
| 500 | _aIncludes index. | ||
| 650 | 0 |
_aWeb services. _930344 |
|
| 650 | 0 |
_aComputer network architectures. _930345 |
|
| 650 | 0 |
_aComputer architecture. _930346 |
|
| 653 |
_bCS _cJuly2012 |
||
| 942 |
_2ddc _cBB |
||
| 999 |
_c16820 _d16820 |
||